Aben-Humeya en la historia y en la leyenda / (Record no. 113540)

MARC details
000 -LEADER
campo de control de longitud fija 00894nam a2200229 i 4500
001 - NÚMERO DE CONTROL
campo de control 113540
003 - IDENTIFICADOR DE NÚMERO DE CONTROL
campo de control ES-MaACL
005 - FECHA Y HORA DE LA ÚLTIMA TRANSACCIÓN
campo de control 20230906185931.0
007 - CAMPO FIJO DE DESCRIPCIÓN FÍSICA--INFORMACIÓN GENERAL
campo de control de longitud fija t|
008 - DATOS DE LONGITUD FIJA--INFORMACIÓN GENERAL
campo de control de longitud fija 061121s1915 sp r ||||1| spa d
100 1# - ENTRADA PRINCIPAL--NOMBRE DE PERSONA
Nombre de persona Palanco Romero, José.
9 (RLIN) 88464
245 10 - MENCIÓN DEL TÍTULO
Título Aben-Humeya en la historia y en la leyenda /
Mención de responsabilidad, etc. discurso leído en el acto de su recepción por D. José Palanco Romero ; y contestación del Sr. D. Eloy Señán Alonso.
260 ## - PUBLICACIÓN, DISTRIBUCIÓN, ETC.
Lugar de publicación, distribución, etc. Granada :
Nombre del editor, distribuidor, etc. [s. n.],
Fecha de publicación, distribución, etc. 1915 (
Fabricante Tip. de Guevara)
300 ## - DESCRIPCIÓN FÍSICA
Extensión 35 p. ;
Dimensiones 27 cm.
594 ## - Nota al título y mención de responsabilidad
Nota al título y mención de responsabilidad Precede al tít.: Real Academia de Bellas Artes de Granada.
600 14 - PUNTO DE ACCESO ADICIONAL DE MATERIA--NOMBRE DE PERSONA
Nombre de persona Aben-Humeya,
9 (RLIN) 166833
651 #4 - PUNTO DE ACCESO ADICIONAL DE MATERIA--NOMBRE GEOGRÁFICO
Nombre geográfico España-
Subdivisión general Historia-
Subdivisión cronológica 1568-1570, Guerra de las Alpujarras.
9 (RLIN) 149632
700 0# - ENTRADA AGREGADA--NOMBRE PERSONAL
Nombre de persona Señan y Alonso, Eloy.
9 (RLIN) 105485
710 0# - ENTRADA AGREGADA--NOMBRE DE ENTIDAD CORPORATIVA
Nombre de entidad corporativa o nombre de jurisdicción como elemento de entrada Real Academia de Bellas Artes de Granada.
9 (RLIN) 6288
852 ## - LOCALIZACIÓN
Ubicación ES-MaACL
Número de control de estantería T-1457-F-3
Holdings
Estatus retirado Estado de pérdida Estado de daño No para préstamo Colección Biblioteca de origen Biblioteca actual Ubicación en estantería Fecha de adquisición Fuente de adquisición Total de préstamos Signatura topográfica completa Código de barras Visto por última vez Precio de reemplazo Tipo de ítem Koha
        Colección de folletos Biblioteca del Ateneo de Madrid Biblioteca del Ateneo de Madrid Depósito folletos 17/01/2008     T-1457-F-3 1118417 23/02/2023 23/02/2023 Folleto